书目信息 |
| 题名: |
中国农村的改革之路
|
|
| 作者: | ;中国 | |
| 分册: | ||
| 出版信息: | 北京 教育科学出版社 1993 |
|
| 页数: | 624页 | |
| 开本: | 20cm | |
| 丛书名: | 燎原丛书 | |
| 单 册: | ||
| 中图分类: | G521-53 , G725-53 , G4 | |
| 科图分类: | ||
| 主题词: | 乡村教育--中国--教育改革--文集 , 教育 | |
| 电子资源: | ||
| ISBN: | 7-5041-1046-9 | |
| 000 | 01004oam2 2200289 450 | |
| 001 | 1539159547 | |
| 005 | 20151110134850.24 | |
| 010 | @a7-5041-1046-9@dCNY8.70 | |
| 100 | @a20130219d1993 ekmy0chiy0120 ea | |
| 101 | 0 | @achi |
| 102 | @aCN@b110000 | |
| 105 | @ak z 000yy | |
| 200 | 1 | @a中国农村的改革之路@Azhong guo nong cun de gai ge zhi lu@9jian shi de bu fa@e农村教育综合改革和燎原计划历次重要会议文献选编@f国家教育委员会农村教育综合改革(燎原计划)办公室编 |
| 210 | @a北京@c教育科学出版社@d1993 | |
| 215 | @a624页@d20cm | |
| 225 | 2 | @a燎原丛书 |
| 330 | @aJY | |
| 461 | 0 | @12001 @a燎原丛书 |
| 517 | 1 | @a农村教育综合改革和燎原计划历次重要会议文献选编 |
| 606 | 0 | @a乡村教育@y中国@x教育改革@j文集 |
| 606 | 0 | @a教育 |
| 690 | @aG521-53@v5 | |
| 690 | @aG725-53@v5 | |
| 690 | @aG4@v4 | |
| 711 | 01 | @a中国@9Zhongguo@b国家教育委员会@b农村教育综合改革办公室@BGuo jia jiao yu wei yuan hui@BNong cun jiao yu zong he gai ge ban gong shi |
| 801 | 0 | @aCN@bTSSF@c20150205 |
| 905 | @aZUCC@dG4@eJY72 | |
| 中国农村的改革之路:农村教育综合改革和燎原计划历次重要会议文献选编/国家教育委员会农村教育综合改革(燎原计划)办公室编.-北京:教育科学出版社,1993 |
| 624页;20cm.-(燎原丛书) |
| ISBN 7-5041-1046-9:CNY8.70 |
| JY |
| ● |
| 相关链接 |
|
|
|
|
正题名:中国农村的改革之路
索取号:G4/JY72
 
预约/预借
| 序号 | 登录号 | 条形码 | 馆藏地/架位号 | 状态 | 备注 |
| 1 | 7865832 | 278658329 | 学院路分馆/ [索取号:G4/JY72] | 在馆 |